000 00834cam a22002174a 4500
020 _a9780444518606 (alk. paper)
020 _a0444518606 (alk. paper)
082 0 0 _a620/.001/51
100 1 _aLakshmikantham, V.,
245 1 0 _aComputational error and complexity in science and engineering /
250 _a1st ed.
260 _aAmsterdam ;
_aBoston :
_bElsevier,
_c2005.
300 _aix, 248 p. :
_bill. ;
650 0 _aEngineering mathematics.
650 0 _aApproximation theory.
700 1 _aSen, S. K.
856 4 2 _uhttp://www.loc.gov/catdir/enhancements/fy0726/2005040038-d.html
856 4 1 _uhttp://www.loc.gov/catdir/enhancements/fy0623/2005040038-t.html
942 _cBK
999 _c30405
_d30405